| 000 | 02382fam a2200337 a 4500 | ||
|---|---|---|---|
| 001 | 2324502 | ||
| 003 | ARRUPE | ||
| 005 | 20160427121446.0 | ||
| 008 | 981013s1998 mau b 001 0ceng | ||
| 010 | _a 98048103 | ||
| 020 | _a1565630955 (cloth) | ||
| 035 | _a(OCoLC)504595499 | ||
| 035 | _a(OCoLC)ocn504595499 | ||
| 035 | _a(NNC)2324502 | ||
| 040 |
_aDLC _cDLC _dDLC _dNNC _dOrLoB-B |
||
| 041 | 1 |
_aeng _hger |
|
| 050 | 0 | 0 |
_aBR1706 _b.C313 1998 |
| 100 | 1 |
_aCampenhausen, Hans von, _d1903-1989. _924133 |
|
| 245 | 1 | 4 |
_aThe fathers of the church / _cHans von Campenhausen. |
| 260 |
_aMassachusetts. : _bHendrickson Publishers, _c2000. |
||
| 263 | _a9811 | ||
| 300 |
_a328 p. ; _c24 cm. |
||
| 500 | _a"Combined ed. of: The fathers of the Greek Church and The fathers of the Latin Church." | ||
| 504 | _aIncludes bibliographical references and index. | ||
| 505 | 0 | 0 |
_tIntroduction. Patristics and the Fathers of the Church -- _gI. _tJustin -- _gII. _tIrenaeus -- _gIII. _tClement of Alexandria -- _gIV. _tOrigen -- _gV. _tEusebius of Caesarea -- _gVI. _tAthanasius -- _gVII. _tBasil the Great -- _gVIII. _tGregory of Nazianzus -- _gIX. _tGregory of Nyssa -- _gX. _tSynesius of Cyrene -- _gXI. _tJohn Chrysostom -- _gXII. _tCyril of Alexandria -- _tConclusion. The End of the Age of the Greek Fathers. |
| 520 | 1 | _a"Hans von Campenhausen's two volumes, The Fathers of the Greek Church and The Fathers of the Latin Church, are combined into one volume in this new edition. "The Fathers of the Church" traditionally describes the orthodox writers of the early church. The church came to regard these figures as the exponents of divine truth in the age when the church was taking shape. Their interpretations of the early creeds of the church were decisively influential for all later theology."--BOOK JACKET. | |
| 520 | 8 | _a"This book contains biographical studies of twelve of the most important of the Greek Fathers and seven of the most important of the Latin Fathers. Professor von Campenhausen-places the Church Fathers in the context of their own times and surroundings and describes their personalities, intellectual aims, and contribution to the church's life or doctrine. This is a wonderful introduction to these influential early Christians for scholar and layperson alike."--BOOK JACKET. | |
| 650 | 0 |
_aFathers of the church _93149 |
|
| 900 | _bTOC | ||
| 942 |
_2lcc _cMONOGRAPH |
||
| 999 |
_c124718 _d124718 |
||